000 00425nam a2200181Ia 4500
001 434
005 20260306140517.0
008 260306t2008||||xx |||||||||||||| ||spa||
041 _aESP
082 _a113
_bK469
100 _aKoyré, Alexandre
_eAUT
245 0 _aDel mundo cerrado al universo infinito
260 _c2008
300 _a268 páginas :
_c21cm.
650 _aGEN
654 _aCHU
942 _cLIB
_dJUS
_fJUS
_2ddc
_n
999 _c434
_d434